| 000 | 00595nam a22002297a 4500 | ||
|---|---|---|---|
| 003 | OSt | ||
| 005 | 20180116183011.0 | ||
| 008 | 150908b xxu||||| |||| 00| 0 eng d | ||
| 020 | _a9780070288331 | ||
| 022 | _a9780070288331 | ||
| 040 | _c0 | ||
| 050 | _a658.4052 | ||
| 082 | _a658.4052 | ||
| 100 | _aSawang,Sukanlaya. | ||
| 245 |
_aCross-Border Communication and Negotiation. _cSukanlaya Sawang. |
||
| 260 |
_aAustralia _bMcGraw Hill. _c2010. |
||
| 300 | _a307p. | ||
| 500 | _aPaper Cover | ||
| 600 | _aSawang,Sukanlaya. | ||
| 700 | _aSawang,Sukanlaya. | ||
| 942 |
_2ddc _cBK _k658.4052 |
||
| 999 |
_c350286 _d350286 |
||